00379nam a2200145Ia 4500003000400000005001700004008004100021020001800062040000900080082002200089100001600111245005000127260004700177300000900224OSt20200615100700.0190216s9999||||xx |||||||||||||| ||und|| a9788182471689 coclc a305.420954bSEN/R aSen, Bimla  0aRole Of Women In Nation Building /cBimla Sen bAbhishek Publications,aChandigarh,c2007. a222p